School Lore Lore Quiz Premium - Statistics

General Stats
  • This quiz has been taken 19 times
  • The average score is 58 of 100
Answer Stats
Question Answer % Correct
How many bag's has Collin got milk in? 2
100%
Who is the 5th boy? AJ
100%
What does Phoenix hate? All of the above
100%
When is Melanie Martinez's birthday? April 28, 1995
100%
When is National Nathan Day? April 5
100%
What drink did Cornelius offer Brent? Bang
100%
Who is Chilly trying to catch? Bohb
100%
Where did Chilly start? Collins Notebook
100%
Who is Kolsons dad? Colper
100%
Who did Serena go to church camp with? Dani
100%
What does Austin hate doing most? 2 Dissecting frogs
100%
Who is Collins Brother? Jones, Brayden
100%
What does Harley like most out of these? KGB
100%
Who licked Coles clay bowl? Kyle
100%
What is Harley's favourite drink? Monster
100%
Does Kolson do his work? No
100%
What is the capital of Micronesia? Palikir
100%
Who wrote the racist word on Collin's Notebook Phoenix
100%
Who looks just like Walter Jr? Phoenix
100%
What drink does Sam love? Prime
100%
Who is a 4 boy? Rick
100%
What does Kolson call Donald Trump? The orange president
100%
Who said the racist thing on Chilly's Full Name? We don't know
100%
Which number is the most significant? 1354
50%
What grade is Austin happy with for Orchestra? 70%
50%
What age did Evan say he thinks is hot 8
50%
Whats the thing Austin said in Ms Paige's class? Abortion
50%
Who is responsible for the Milk Kid Incident? All of the Above
50%
Which teacher can lift roofs? Armstrong
50%
What is in the rock? A turtle
50%
Where is National Nathan Day? Baku, Azerbaijan
50%
Who is running for presidency in 2026 Bicen
50%
Which one does Nathan NOT wear? Blue Jacket
50%
Who called Jayden a monkey? Bobby
50%
What was Helena so mad at? Body Shaming
50%
Where has Oliver gotten married? By a big tree
50%
What did Abraham steal from Cole? Chair
50%
Who didn't help make the Who You Love form? Chance
50%
Who broke Gibsons door? Chance
50%
Who does Phoenix think licked Coles clay bowl? Cole
50%
Who is the Terrible Trio? Cole, Harley, Collin
50%
Who does Keller hate? Collin
50%
What does Austin think Melanie's newest album is called? Crybaby
50%
What happened in the kitchen? Dad died
50%
Which one ISN'T one of Chillys Middle Names? danielsicklestein
50%
What does Austin hate doing most? 1 Dishes
50%
Who is Pizzalover's alts friends brothers older brothers favorite musicians son? Donovan Martinez
50%
Who has Gibson pfp? Downjohn
50%
Who is Mr Gibsons alt? Downjohn Yongoran
50%
How does Kolson pronounce Croatia? European
50%
What day where Kolson's Videos watched? February 3
50%
Who thinks the name Collin is ugly? Frankie
50%
What day does Collin hate? Friday
50%
Who drinks milk only? Gavin
50%
Who is an official BOAFFT resident? Gavin Lewis
50%
What are Ricks favourite games? Genshin, Honkai Star Rail
50%
Who has the least events? Gipson
50%
Who does Andrei run from? Girls
50%
What color is the chicken? Gray
50%
What game does Nathan play often? GTAV
50%
Who really got invested in Avatar in Ms Seeleys Class? Harley
50%
What does Phoenix call Harrison Bergeron? Harrison Burgertron
50%
What did Devon do to the steam locomotive? He destroyed it everyday
50%
What happened to the Lithuanian paper? It decintigrated
50%
What are Kolsons initals? KCJK
50%
What is Nathan a part of? LGBTQ-
50%
What is on Caleb's crocs? Lights
50%
Who does everyone in the school love? Lilah, Trey
50%
What is non canon Austin's favourite food? Liver
50%
What song is Harley? Mad Hatter
50%
What does Harley call Melanie? Madilyn Mexican
50%
Who does Derek not like? Melanie Martinez
50%
Which one is an option on the Who You Love form? Nathan
50%
Serena Williams or Venus Williams? Neither
50%
How does Phoenix pronounce Nguyen? Nie You Gen
50%
Does Phoenix acknowledge the name Graber? No
50%
Ee, ah, ee, ah. OJ
50%
Who is referenced in PLUTO? Phoenix
50%
Who was Chance scared of? Phoenix
50%
Who had a touch named after them Phoenix
50%
Who did Mr Gibson visit to say hi to? Phoenix
50%
What is Phoenix's favourite song? Playdate
50%
What drink makes Harley like Andrei? Prime
50%
What was Noah Meaker's 7th grade hair color? Purple
50%
What does Tylan always talk about? Riding his bike
50%
What type of videos does Abe post? Sad
50%
What does Evan disagree with? Semitist values
50%
Who is referenced in DEATH? Serena
50%
If you need a break... Someone will take your place
50%
Which one is one of Derek's 5 exes? Tanner
50%
What day does Nathan hate? Thursday
50%
What is Bobby's sexuality? Ultimate Straight
50%
Which one of Chilly's Middle Names comes between Albaquerque and Macbeth? Vincent
50%
How many pens leaked in Phoenix's bag? 2
0%
Who (supposedly) put smashing kids toys on their teddy bear drawing? Andrei
0%
Who is the most racist? Bobby
0%
Who ISN'T in Chilly's Full Name? Derek Neuzil
0%
Which event caused Lilah and Olivia to stop harrasing Collin's hair? Evan hugging him
0%
Who IS in Chilly's Full Name? Preston Haak
0%
Which President Isn't featured on Chilly's Full Name? Thomas Jefferson
0%
No matching quizzes found
Score Distribution
Percent of People with Each Score
Percentile by Number Answered
Your Score History
You have not taken this quiz